00330nam a22001337a 450000500170000000800410001704100130005808200150007110000130008624500510009926000090015030000120015965000250017120231128131518.0231128b |||||||| |||| 00| 0 eng d aEnglish  a340.06 LEG lEnglish  aGovernment Gazette of the Republic of Namibia  c1995 c33 cm.  aLegal practice bLaw